00934cam a2200253 a 4500001000500000005001700005020001800022040004700040050002200087082001000109100001600119245007900135250004800214260004800262300004600310505000800356520016600364521002000530521002000550650002300570650002400593650002200617700004100639293620240124135458.0 a9780763666439 aDLCcDLCdIG#dBAKERdXY4dBTCTAdDLCbeng00aPZ7.M84696b 200600a813.61 aMoser, Lisa04aThe monster in the backpack /cLisa Moser ; illustrated by Noah Z. Jones. aFirst paperback edition in this format 2013 aCambridge, Mass. :bCandlewick Press,c2006 a36 pages :bcolor illustrations ;c24 cm. aJ  aAnnie's new backpack comes with pink and blue flower decorations, a zipper, and a mischievous monster who manages to get her into all sorts of trouble at school. a470 bLexile  aJ bRaz-Plus  1aMonstersvFiction. 1aBackpacksvFiction. 1aSchoolsvFiction.1 aJones, Noahq(Noah Z.)eillustrator